[Event "SRI-ch (Women)"]
[Site "Colombo"]
[Date "2023.03.26"]
[Round "3"]
[White "Chamathka, Weerasinghe A Cheth"]
[Black "Wijesuriya, GPY"]
[Result "0-1"]
[WhiteElo "1313"]
[BlackElo "1514"]
[PlyCount "76"]
[EventDate "2023.03.25"]
[EventType "tourn"]
[EventRounds "13"]
[EventCountry "SRI"]
[SourceTitle "CBM 213 Extra"]
[Source "ChessBase"]
[SourceDate "2023.05.31"]
[SourceVersion "1"]
[SourceVersionDate "2023.05.31"]
[SourceQuality "1"]

1. d4 d5 2. c4 e6 3. Nc3 Be7 4. cxd5 exd5 5. Bf4 Nf6 6. h3 c6 7. Qc2 Nbd7 8. e3 Nf8 9. Bd3 Ne6 10. Bh2 0-0 11. Nge2 Bd6 12. Bxd6 Qxd6 13. f3 Re8 14. 0-0-0 Bd7 15. Kb1 c5 16. Ka1 cxd4 17. exd4 a6 18. Qd2 b5 19. Rc1 Nh5 20. g3 b4 21. Nxd5 Qxd5 22. Be4 Qd6 23. Bxa8 Rxa8 24. Rhg1 Bb5 25. f4 Nf6 26. Rgd1 Qd5 27. Qe1 Re8 28. Qf2 Bc4 29. b3 Bb5 30. Ng1 a5 31. f5 Ne4 32. Qf3 Nxd4 33. Qe3 Nc2+ 34. Rxc2 Qxd1+ 35. Rc1 Qd5 36. Qf4 Qe5+ 37. Kb1 Nc3+ 38. Ka1 Qd5 0-1

[Event "SRI-ch (Women)"]
[Site "Colombo"]
[Date "2023.03.26"]
[Round "4"]
[White "Yapa Bandara, Chamodya"]
[Black "Chamathka, Weerasinghe A Cheth"]
[Result "1-0"]
[WhiteElo "1455"]
[BlackElo "1313"]
[PlyCount "67"]
[EventDate "2023.03.25"]
[EventType "tourn"]
[EventRounds "13"]
[EventCountry "SRI"]
[SourceTitle "CBM 213 Extra"]
[Source "ChessBase"]
[SourceDate "2023.05.31"]
[SourceVersion "1"]
[SourceVersionDate "2023.05.31"]
[SourceQuality "1"]

1. e4 d6 2. d4 Nf6 3. Nc3 g6 4. f4 c6 5. Nf3 Bg4 6. h3 Bxf3 7. Qxf3 Qa5 8. Bd3 Bg7 9. e5 dxe5 10. fxe5 Nfd7 11. 0-0 0-0 12. Bc4 e6 13. Ne4 Na6 14. Nd6 Nc7 15. Qg4 Qb6 16. Kh1 c5 17. c3 Qc6 18. Bg5 b5 19. Bb3 c4 20. Bc2 f6 21. Be4 Qb6 22. Bxa8 Rxa8 23. exf6 Bxf6 24. Ne4 Bg7 25. Nf6+ Nxf6 26. Bxf6 Rf8 27. Bxg7 Rxf1+ 28. Rxf1 Kxg7 29. Qf4 Qb8 30. Qf7+ Kh6 31. Qf4+ Kg7 32. Qf6+ Kh6 33. Rf4 Nd5 34. Rh4# 1-0

[Event "SRI-ch (Women)"]
[Site "Colombo"]
[Date "2023.03.25"]
[Round "1"]
[White "Chamathka, Weerasinghe A Cheth"]
[Black "Sanudula, KM Dahamdi"]
[Result "0-1"]
[WhiteElo "1313"]
[BlackElo "1732"]
[PlyCount "92"]
[EventDate "2023.03.25"]
[EventType "tourn"]
[EventRounds "13"]
[EventCountry "SRI"]
[SourceTitle "CBM 213 Extra"]
[Source "ChessBase"]
[SourceDate "2023.05.31"]
[SourceVersion "1"]
[SourceVersionDate "2023.05.31"]
[SourceQuality "1"]

1. d4 d5 2. c4 Bf5 3. Nc3 e6 4. cxd5 exd5 5. Qb3 Nc6 6. Nf3 Nb4 7. e4 dxe4 8. Ng5 Nh6 9. Bc4 Qe7 10. 0-0 f6 11. Ngxe4 Bxe4 12. Nxe4 Qxe4 13. Bxh6 0-0-0 14. Be3 Nd5 15. Rac1 c6 16. a4 a5 17. Rfd1 Bb4 18. Bd2 Bxd2 19. Rxd2 Kb8 20. Bxd5 Rxd5 21. h3 Rhd8 22. Rcd1 Rg5 23. f3 Qh4 24. Kf1 Rgd5 25. Qc3 Qf4 26. b4 axb4 27. Qxb4 c5 28. Qb1 h5 29. Rb2 Qc7 30. a5 Ka7 31. Qc2 Rxd4 32. Rdb1 Rb8 33. Rb5 c4 34. Rxh5 c3 35. Qf2 Rbd8 36. Rh4 Qc4+ 37. Kg1 Ka8 38. Rxd4 Rxd4 39. Qe1 c2 40. Rc1 Qd3 41. Qe8+ Ka7 42. Kh2 Qd2 43. Qe7 Qf4+ 44. g3 Rd2+ 45. Kh1 Qxf3+ 46. Kg1 Qg2# 0-1

[Event "Asian Schools-ch 14th U15 Girls"]
[Site "Waskaduwa"]
[Date "2018.07.09"]
[Round "2.1"]
[White "Chamathka, Weerasinghe A Cheth"]
[Black "Noshin, Anjum"]
[Result "0-1"]
[WhiteElo "1325"]
[BlackElo "1857"]
[PlyCount "80"]
[EventDate "2018.07.09"]
[EventType "swiss"]
[EventRounds "9"]
[EventCountry "SRI"]
[SourceTitle "EXT 2024"]
[Source "ChessBase"]
[SourceDate "2023.10.10"]
[SourceVersion "1"]
[SourceVersionDate "2023.10.10"]
[SourceQuality "1"]

1. d4 d5 2. c4 c6 3. cxd5 cxd5 4. Nf3 Nf6 5. Nc3 e6 6. Bf4 Nc6 7. e3 a6 8. Be2 Be7 9. 0-0 Nh5 10. Bg3 Nxg3 11. hxg3 0-0 12. a3 b5 13. Qc2 Bb7 14. Bd3 g6 15. Rfe1 Rc8 16. Qe2 Bf6 17. Rac1 Re8 18. b4 e5 19. dxe5 Nxe5 20. Na2 Nc4 21. Bxc4 dxc4 22. Red1 Qe7 23. Nc3 Red8 24. Rxd8+ Rxd8 25. Qc2 Rd3 26. Qb2 Bxf3 27. gxf3 Rxc3 28. Rxc3 Qe5 29. Kf1 Qxc3 30. Qxc3 Bxc3 31. Ke2 Bb2 32. Kd2 Bxa3 33. Kc3 Kg7 34. e4 g5 35. e5 f6 36. e6 Kf8 37. f4 gxf4 38. g4 Ke7 39. f3 Bxb4+ 40. Kb2 Kd6 0-1